000 00767nam a2200265Ia 4500
003 OSt
005 20220926010216.0
006 a|||||r|||| 00| 0
007 ta
008 220923b |||||||| |||| 00| 0 eng d
037 _cGeneral Book
040 _aRTL
_cRTL
_beng
041 _2eng
_aeng
082 _aX:87, L6;N7
100 _aDearden John
_9151542
245 0 _aAccounting for management
_b Text and cases
250 _a3rd
260 _a New Delhi
_bVikas Publishing House
_c1997
300 _axii, 420p
_ccm.
500 _aGlossary: P 410-15
650 _aManagerial Accounting
_9241549
700 _a Bhattacharya S K
_942119
942 _hX:87, L6;N7
_cGB
_2CC
999 _c616693
_d616693